000 00646nam a2200205 i 4500
001 bg
100 1 _aMROZEK, Wincenty
245 0 _aPodstawy budownictwa i konstrukcji budowlanych.
_nT. 3,
_pKonstrukcje żelbetowe /
_cWincenty Mrozek.
260 _aBiałystok :
_bWydawnictwa PB,
_c1991.
300 _a260 s. :
_brys.
_c23 cm.
490 1 _aSkrypty / Plitechnika Białostocka
504 _aBibliogr. s. 259-260.
710 _aPOLITECHNIKA BIAŁOSTOCKA (Białystok)
830 0 _aSkrypty (Plitechnika Białostocka)
040 _cBPK
041 _apol
080 _a69+624](075.8)
942 _cKS
008 s pl f |000 0 pol
999 _c6205
_d6205
856 _uhttp://koha.tu.koszalin.pl/cgi-bin/koha/opac-detail.pl?biblionumber=6205
_yKatalog online BPK